00722nam a22001937a 450000500170000001000140001702000280003103500130005903700090007208200080008124501020008926000400019127000680023130000300029970000210032994200220035099900190037295201370039120241211110218.0 a B-761442 a9788181536584c350.00  aB-761442 bGift a503 aRainbow Science Encyclopedia;cA Book of Questions & Answers (3)/bEdited by- Aankanksha & Anand aDelhi bRainbow Books c2019(repr.) aF-32, Street No.12, Parwana Road, Jagat Puri, b Delhi e110051 a104p.c25cm(Hb)bcol.ill. aAakanksha955845 2ddccCHmRAIh503 c207554d207554 001040708NFICaLbLd2024-12-11eGift/9.12.24g350.00l0oRAI 503pB-761442r2024-12-11 00:00:00t1v350.00w2024-12-11yCHzGift